| 000 | 00544nam a22001817a 4500 | ||
|---|---|---|---|
| 003 | OSt | ||
| 005 | 20211116131334.0 | ||
| 008 | 211111b ||||| |||| 00| 0 eng d | ||
| 022 |
_22231-1769 _a2231-1769 |
||
| 040 | _cResearch development and association | ||
| 222 | _aJournal of Management Outlook | ||
| 245 | _aJournal of Management Outlook | ||
| 260 |
_aJaipur _bResearch Development Association |
||
| 310 | _aBianuall | ||
| 650 |
_aManagement _vPeriodical _910228 |
||
| 655 |
_2Emerging economy _aPeriodical _910229 |
||
| 942 |
_2ddc _cPR _s1 |
||
| 999 |
_c220521 _d220521 |
||